[Event "Blitz 2018"]
[Site "Saint-Petersburg"]
[Date "2018.12.30"]
[Round "13"]
[Board "25"]
[White "Savchenko Boris (RUS)"]
[Black "Shirov Alexei (ESP)"]
[Result "1-0"]
[LiveChessVersion "1.4.8"]
[BlackElo "2699"]
[WhiteElo "2639"]

1. e4 {[%clk 0:03:03]} e5 {[%clk 0:03:02]} 2. f4 {[%clk 0:03:03]} exf4
{[%clk 0:03:01]} 3. Bc4 {[%clk 0:03:03]} d5 {[%clk 0:02:59]} 4. Bxd5
{[%clk 0:03:03]} Qh4+ {[%clk 0:02:52]} 5. Kf1 {[%clk 0:03:03]} Nf6
{[%clk 0:02:51]} 6. Nc3 {[%clk 0:03:00]} c6 {[%clk 0:02:46]} 7. Bc4
{[%clk 0:02:54]} Bg4 {[%clk 0:02:43]} 8. Be2 {[%clk 0:02:50]} Nbd7
{[%clk 0:02:40]} 9. d4 {[%clk 0:02:42]} O-O-O {[%clk 0:02:19]} 10. Bxf4
{[%clk 0:02:14]} Bb4 {[%clk 0:01:59]} 11. Bxg4 {[%clk 0:01:31]} Nxg4
{[%clk 0:01:58]} 12. Qf3 {[%clk 0:01:31]} f5 {[%clk 0:01:29]} 13. exf5
{[%clk 0:01:12]} Rhf8 {[%clk 0:01:27]} 14. h3 {[%clk 0:01:10]} Nh6
{[%clk 0:01:15]} 15. g3 {[%clk 0:00:59]} Qf6 {[%clk 0:01:10]} 16. Bxh6
{[%clk 0:00:49]} Qxh6 {[%clk 0:01:08]} 17. Nge2 {[%clk 0:00:28]} Rxf5
{[%clk 0:00:41]} 18. Qxf5 {[%clk 0:00:28]} Rf8 {[%clk 0:00:42]} 19. Qxf8+ Nxf8
{[%clk 0:00:43]} 20. Rh2 {[%clk 0:00:23]} Ne6 {[%clk 0:00:42]} 21. Rd1
{[%clk 0:00:23]} Bxc3 {[%clk 0:00:24]} 22. Nxc3 {[%clk 0:00:21]} Qe3
{[%clk 0:00:23]} 23. Rd3 {[%clk 0:00:19]} Qc1+ {[%clk 0:00:23]} 24. Nd1
{[%clk 0:00:19]} Ng5 {[%clk 0:00:23]} 25. h4 {[%clk 0:00:16]} Ne4
{[%clk 0:00:24]} 26. Ke1 {[%clk 0:00:11]} Qb1 {[%clk 0:00:23]} 27. a3
{[%clk 0:00:12]} Qa2 {[%clk 0:00:21]} 28. Re2 {[%clk 0:00:12]} Qd5
{[%clk 0:00:20]} 29. Nc3 {[%clk 0:00:11]} Nxc3 {[%clk 0:00:19]} 30. bxc3
{[%clk 0:00:11]} Qa2 {[%clk 0:00:17]} 31. Rf3 {[%clk 0:00:10]} Qxa3
{[%clk 0:00:17]} 32. Kd2 {[%clk 0:00:09]} Kc7 {[%clk 0:00:17]} 33. Rf7+
{[%clk 0:00:10]} Kb6 {[%clk 0:00:14]} 34. Ree7 {[%clk 0:00:10]} Qd6
{[%clk 0:00:13]} 35. Rxb7+ {[%clk 0:00:10]} 1-0

[Event "Blitz 2018"]
[Site "Saint-Petersburg"]
[Date "2018.12.30"]
[Round "13"]
[Board "26"]
[White "Riazantsev Alexander (RUS)"]
[Black "Kovalenko Igor (LAT)"]
[Result "0-1"]
[LiveChessVersion "1.4.8"]
[BlackElo "2693"]
[WhiteElo "2633"]

1. d4 {[%clk 0:03:03]} Nf6 {[%clk 0:03:02]} 2. c4 {[%clk 0:03:04]} g6
{[%clk 0:03:03]} 3. Nc3 {[%clk 0:03:04]} Bg7 {[%clk 0:03:04]} 4. e4
{[%clk 0:03:06]} d6 {[%clk 0:03:05]} 5. Be2 {[%clk 0:03:06]} O-O {[%clk 0:03:06]}
6. Be3 {[%clk 0:03:07]} Nc6 {[%clk 0:03:07]} 7. Nf3 {[%clk 0:02:54]} e5
{[%clk 0:02:34]} 8. d5 {[%clk 0:02:55]} Nb8 {[%clk 0:02:31]} 9. h3
{[%clk 0:02:53]} a5 {[%clk 0:02:32]} 10. g4 {[%clk 0:02:52]} Na6 {[%clk 0:02:33]}
11. Nd2 {[%clk 0:02:50]} Nd7 {[%clk 0:02:16]} 12. h4 {[%clk 0:02:49]} f5
{[%clk 0:02:01]} 13. gxf5 {[%clk 0:02:46]} gxf5 {[%clk 0:02:02]} 14. exf5
{[%clk 0:02:41]} Ndc5 {[%clk 0:02:03]} 15. Nde4 {[%clk 0:02:21]} Bxf5
{[%clk 0:01:59]} 16. Ng3 Qd7 17. a3 {[%clk 0:02:10]} a4 {[%clk 0:01:25]} 18. h5
{[%clk 0:02:02]} Kh8 {[%clk 0:01:18]} 19. h6 {[%clk 0:02:00]} Bf6
{[%clk 0:01:20]} 20. Nxf5 {[%clk 0:01:05]} Qxf5 {[%clk 0:01:21]} 21. Qb1
{[%clk 0:00:56]} Qxb1+ {[%clk 0:01:07]} 22. Rxb1 {[%clk 0:00:57]} Rg8
{[%clk 0:01:08]} 23. Nb5 {[%clk 0:00:47]} Rac8 {[%clk 0:01:04]} 24. Kd2
{[%clk 0:00:41]} Bg5 {[%clk 0:01:05]} 25. Rbg1 {[%clk 0:00:38]} Ne4+
{[%clk 0:00:54]} 26. Kc2 {[%clk 0:00:36]} Bxe3 {[%clk 0:00:55]} 27. fxe3
{[%clk 0:00:37]} c6 {[%clk 0:00:53]} 28. dxc6 {[%clk 0:00:31]} bxc6
{[%clk 0:00:55]} 29. Nc3 {[%clk 0:00:31]} Nxc3 {[%clk 0:00:49]} 30. Kxc3
{[%clk 0:00:32]} Nc5 {[%clk 0:00:48]} 31. Bd1 {[%clk 0:00:33]} Rcf8
{[%clk 0:00:43]} 32. Bc2 {[%clk 0:00:32]} Rxg1 {[%clk 0:00:30]} 33. Rxg1
{[%clk 0:00:33]} Rf6 {[%clk 0:00:32]} 34. Rh1 {[%clk 0:00:22]} Rf3
{[%clk 0:00:33]} 35. Kd2 {[%clk 0:00:21]} Rf2+ {[%clk 0:00:34]} 36. Kc1
{[%clk 0:00:17]} Rf6 {[%clk 0:00:22]} 37. Rh3 {[%clk 0:00:15]} e4
{[%clk 0:00:21]} 38. Kd2 {[%clk 0:00:12]} Kg8 {[%clk 0:00:18]} 39. Rg3+
{[%clk 0:00:13]} Kf8 {[%clk 0:00:19]} 40. Rh3 {[%clk 0:00:11]} Ke7
{[%clk 0:00:21]} 41. Kc3 {[%clk 0:00:12]} d5 {[%clk 0:00:22]} 42. cxd5
{[%clk 0:00:13]} cxd5 {[%clk 0:00:23]} 43. Kd4 {[%clk 0:00:10]} Kd6
{[%clk 0:00:25]} 44. Rh5 {[%clk 0:00:11]} Ne6+ {[%clk 0:00:26]} 45. Kc3
{[%clk 0:00:13]} Rf3 {[%clk 0:00:27]} 46. Kd2 {[%clk 0:00:11]} Rf2+
{[%clk 0:00:28]} 47. Kc3 {[%clk 0:00:09]} Re2 {[%clk 0:00:26]} 48. Bxa4
{[%clk 0:00:10]} Rxe3+ {[%clk 0:00:27]} 49. Kd2 {[%clk 0:00:10]} Rd3+
{[%clk 0:00:29]} 50. Kc1 {[%clk 0:00:11]} Rg3 {[%clk 0:00:29]} 51. Bc2
{[%clk 0:00:11]} Nd4 {[%clk 0:00:28]} 52. Bd1 {[%clk 0:00:07]} e3
{[%clk 0:00:29]} 53. Rh2 {[%clk 0:00:07]} Rg1 {[%clk 0:00:30]} 54. Rh4
{[%clk 0:00:07]} e2 {[%clk 0:00:31]} 55. Rxd4 {[%clk 0:00:07]} e1=Q
{[%clk 0:00:31]} 0-1

[Event "Blitz 2018"]
[Site "Saint-Petersburg"]
[Date "2018.12.30"]
[Round "13"]
[Board "27"]
[White "Zhigalko Sergei (BLR)"]
[Black "Sychev Klementy (RUS)"]
[Result "1-0"]
[LiveChessVersion "1.4.8"]
[BlackElo "2594"]
[WhiteElo "2693"]

1. e4 {[%clk 0:03:03]} e5 {[%clk 0:03:03]} 2. Nf3 {[%clk 0:03:04]} Nc6
{[%clk 0:03:05]} 3. Bb5 {[%clk 0:03:05]} a6 4. Ba4 d6 {[%clk 0:03:08]} 5. O-O Bd7
6. c3 {[%clk 0:03:08]} g6 {[%clk 0:03:06]} 7. d4 {[%clk 0:03:09]} Bg7
{[%clk 0:03:07]} 8. Bg5 {[%clk 0:03:10]} Nf6 {[%clk 0:02:59]} 9. Bxc6
{[%clk 0:02:44]} Bxc6 {[%clk 0:02:57]} 10. dxe5 {[%clk 0:02:45]} dxe5
{[%clk 0:02:56]} 11. Nxe5 {[%clk 0:02:45]} Qxd1 {[%clk 0:02:46]} 12. Rxd1
{[%clk 0:02:45]} Bxe4 {[%clk 0:02:45]} 13. Re1 {[%clk 0:02:29]} O-O-O
{[%clk 0:00:59]} 14. Nxf7 {[%clk 0:02:23]} Bf5 {[%clk 0:01:01]} 15. Na3
{[%clk 0:02:09]} Rdf8 {[%clk 0:00:56]} 16. Nxh8 {[%clk 0:02:08]} Bxh8
{[%clk 0:00:56]} 17. Rad1 {[%clk 0:01:59]} Ne4 {[%clk 0:00:56]} 18. Be3
{[%clk 0:01:59]} Bf6 {[%clk 0:00:39]} 19. f3 {[%clk 0:01:58]} Nd6
{[%clk 0:00:39]} 20. Bc5 {[%clk 0:01:58]} b5 {[%clk 0:00:23]} 21. Bxd6 cxd6 22.
Rxd6 Kb7 23. Re2 {[%clk 0:01:37]} Rf7 {[%clk 0:00:28]} 24. Nc2 {[%clk 0:01:32]}
Be7 {[%clk 0:00:25]} 25. Rd1 {[%clk 0:01:29]} Bc5+ {[%clk 0:00:26]} 26. Nd4
{[%clk 0:01:28]} g5 {[%clk 0:00:25]} 27. b4 {[%clk 0:01:14]} Bb6 {[%clk 0:00:26]}
28. Rde1 {[%clk 0:01:15]} Rf6 {[%clk 0:00:19]} 29. Re7+ {[%clk 0:01:15]} Kc8
{[%clk 0:00:21]} 30. Kh1 {[%clk 0:00:59]} Bd7 {[%clk 0:00:20]} 31. Rxh7
{[%clk 0:00:56]} g4 {[%clk 0:00:21]} 32. Ree7 {[%clk 0:00:32]} gxf3
{[%clk 0:00:18]} 33. gxf3 {[%clk 0:00:33]} Rd6 {[%clk 0:00:14]} 34. Kg2
{[%clk 0:00:22]} Rd5 {[%clk 0:00:15]} 35. Kf2 {[%clk 0:00:09]} a5
{[%clk 0:00:16]} 36. a3 {[%clk 0:00:10]} Bd8 {[%clk 0:00:12]} 37. Rxd7
{[%clk 0:00:09]} Rxd7 {[%clk 0:00:12]} 38. Rxd7 {[%clk 0:00:10]} Kxd7
{[%clk 0:00:12]} 39. Ke3 {[%clk 0:00:10]} axb4 {[%clk 0:00:08]} 40. axb4
{[%clk 0:00:11]} 1-0

[Event "Blitz 2018"]
[Site "Saint-Petersburg"]
[Date "2018.12.30"]
[Round "13"]
[Board "28"]
[White "Vallejo Pons Francisco (ESP)"]
[Black "Nihal Sarin (IND)"]
[Result "1/2-1/2"]
[LiveChessVersion "1.4.8"]
[BlackElo "2506"]
[WhiteElo "2673"]

1. d4 {[%clk 0:03:02]} Nf6 {[%clk 0:03:02]} 2. c4 {[%clk 0:03:03]} e6
{[%clk 0:03:03]} 3. Nf3 {[%clk 0:03:04]} d5 {[%clk 0:03:02]} 4. g3
{[%clk 0:03:04]} dxc4 {[%clk 0:03:02]} 5. Bg2 {[%clk 0:03:05]} c5
{[%clk 0:03:03]} 6. O-O {[%clk 0:03:00]} Nc6 {[%clk 0:03:04]} 7. dxc5
{[%clk 0:02:57]} Qxd1 {[%clk 0:03:03]} 8. Rxd1 {[%clk 0:02:57]} Bxc5
{[%clk 0:03:04]} 9. Nbd2 {[%clk 0:02:56]} c3 {[%clk 0:03:04]} 10. bxc3
{[%clk 0:02:57]} O-O {[%clk 0:03:04]} 11. Nb3 {[%clk 0:02:52]} Be7
{[%clk 0:03:05]} 12. Nfd4 {[%clk 0:02:42]} Nxd4 {[%clk 0:03:05]} 13. cxd4
{[%clk 0:02:37]} Nd5 {[%clk 0:03:05]} 14. Bd2 {[%clk 0:02:29]} f5
{[%clk 0:03:03]} 15. Rdc1 {[%clk 0:02:02]} b6 {[%clk 0:02:57]} 16. a3
{[%clk 0:01:17]} Ba6 {[%clk 0:02:45]} 17. e3 {[%clk 0:01:16]} Rfc8
{[%clk 0:02:33]} 18. Bb4 {[%clk 0:01:04]} Kf7 {[%clk 0:02:06]} 19. Nd2
{[%clk 0:01:02]} Rxc1+ {[%clk 0:01:51]} 20. Rxc1 {[%clk 0:01:03]} Rc8
{[%clk 0:01:52]} 21. Rxc8 {[%clk 0:01:01]} Bxc8 {[%clk 0:01:53]} 22. Bxd5
{[%clk 0:00:45]} exd5 {[%clk 0:01:37]} 23. Kf1 {[%clk 0:00:37]} 1/2-1/2

[Event "Blitz 2018"]
[Site "Saint-Petersburg"]
[Date "2018.12.30"]
[Round "13"]
[Board "31"]
[White "Bosiocic Marin (CRO)"]
[Black "Bazeev German (RUS)"]
[Result "1-0"]
[LiveChessVersion "1.4.8"]
[BlackElo "2422"]
[WhiteElo "2653"]

1. e4 {[%clk 0:03:03]} e5 {[%clk 0:03:03]} 2. Nf3 {[%clk 0:03:05]} Nc6
{[%clk 0:03:04]} 3. Bb5 {[%clk 0:03:06]} a6 4. Ba4 d6 {[%clk 0:03:07]} 5. O-O
{[%clk 0:03:05]} Bd7 {[%clk 0:03:08]} 6. d4 {[%clk 0:03:06]} exd4
{[%clk 0:02:42]} 7. Nxd4 {[%clk 0:03:08]} Nge7 {[%clk 0:02:34]} 8. Bg5
{[%clk 0:02:52]} Nxd4 {[%clk 0:02:28]} 9. Bxd7+ {[%clk 0:02:50]} Qxd7
{[%clk 0:02:28]} 10. Qxd4 {[%clk 0:02:50]} Nc6 {[%clk 0:02:17]} 11. Qd2
{[%clk 0:02:51]} h6 {[%clk 0:01:57]} 12. Be3 {[%clk 0:02:46]} Ne5
{[%clk 0:01:57]} 13. Bd4 {[%clk 0:02:41]} Nc6 {[%clk 0:01:33]} 14. Nc3
{[%clk 0:02:31]} Nxd4 {[%clk 0:01:27]} 15. Qxd4 {[%clk 0:02:33]} c6
{[%clk 0:01:27]} 16. Rad1 {[%clk 0:02:30]} Rd8 {[%clk 0:01:28]} 17. Rfe1
{[%clk 0:02:25]} f6 {[%clk 0:01:22]} 18. Qc4 {[%clk 0:02:21]} Qf7
{[%clk 0:01:22]} 19. Qb4 {[%clk 0:02:20]} Rd7 {[%clk 0:01:16]} 20. f4
{[%clk 0:02:09]} Be7 {[%clk 0:01:17]} 21. Qd4 {[%clk 0:02:02]} Qe6
{[%clk 0:01:15]} 22. Ne2 {[%clk 0:01:52]} O-O {[%clk 0:01:16]} 23. c4
{[%clk 0:01:46]} b5 {[%clk 0:01:09]} 24. b3 {[%clk 0:01:36]} bxc4
{[%clk 0:00:58]} 25. bxc4 {[%clk 0:01:37]} c5 {[%clk 0:00:58]} 26. Qd3
{[%clk 0:01:36]} f5 {[%clk 0:00:56]} 27. Nc3 {[%clk 0:01:35]} fxe4
{[%clk 0:00:53]} 28. Rxe4 {[%clk 0:01:36]} Qf7 {[%clk 0:00:48]} 29. Nd5 Bf6 30.
Kh1 {[%clk 0:01:33]} Bd4 {[%clk 0:00:48]} 31. Rde1 {[%clk 0:01:34]} Rb8
{[%clk 0:00:43]} 32. h3 {[%clk 0:01:33]} Rdb7 {[%clk 0:00:44]} 33. R4e2
{[%clk 0:01:16]} Bf6 {[%clk 0:00:39]} 34. Kh2 {[%clk 0:01:13]} Bd4
{[%clk 0:00:40]} 35. Ne7+ {[%clk 0:01:09]} Kf8 {[%clk 0:00:38]} 36. Ng6+ Kg8 37.
Re7 {[%clk 0:01:03]} Rxe7 {[%clk 0:00:39]} 38. Rxe7 {[%clk 0:01:04]} Qf6
{[%clk 0:00:39]} 39. Qe4 {[%clk 0:01:05]} Kh7 {[%clk 0:00:26]} 40. Re6
{[%clk 0:00:53]} Qd8 {[%clk 0:00:24]} 41. Ne7+ {[%clk 0:00:45]} Kh8
{[%clk 0:00:25]} 42. Nc6 {[%clk 0:00:46]} Rb6 1-0

[Event "Blitz 2018"]
[Site "Saint-Petersburg"]
[Date "2018.12.30"]
[Round "13"]
[Board "32"]
[White "Sargissian Gabriel (ARM)"]
[Black "Predke Alexandr (RUS)"]
[Result "0-1"]
[LiveChessVersion "1.4.8"]
[BlackElo "2482"]
[WhiteElo "2651"]

1. c4 {[%clk 0:03:03]} b6 {[%clk 0:03:02]} 2. d4 {[%clk 0:03:01]} Bb7
{[%clk 0:02:57]} 3. Nf3 {[%clk 0:03:01]} e6 {[%clk 0:02:56]} 4. g3
{[%clk 0:03:01]} Nf6 {[%clk 0:02:48]} 5. Bg2 {[%clk 0:03:02]} Bb4+
{[%clk 0:02:48]} 6. Bd2 {[%clk 0:03:02]} a5 {[%clk 0:02:49]} 7. O-O
{[%clk 0:02:57]} O-O {[%clk 0:02:49]} 8. Bf4 {[%clk 0:02:58]} Be7
{[%clk 0:02:49]} 9. Nc3 {[%clk 0:02:58]} Ne4 {[%clk 0:02:48]} 10. Qd3
{[%clk 0:02:58]} Nxc3 {[%clk 0:02:45]} 11. bxc3 {[%clk 0:02:59]} Qc8
{[%clk 0:02:39]} 12. e4 {[%clk 0:02:57]} d6 {[%clk 0:02:32]} 13. Rfe1
{[%clk 0:02:55]} a4 {[%clk 0:02:17]} 14. Rad1 {[%clk 0:02:55]} Ra5
{[%clk 0:02:13]} 15. h4 {[%clk 0:02:54]} Nd7 {[%clk 0:02:13]} 16. Nd2
{[%clk 0:02:06]} Rd8 {[%clk 0:02:10]} 17. Nf1 {[%clk 0:02:02]} h6
{[%clk 0:01:59]} 18. Bc1 {[%clk 0:01:59]} Bf8 {[%clk 0:01:42]} 19. Ne3
{[%clk 0:01:54]} Nf6 {[%clk 0:01:40]} 20. f3 {[%clk 0:01:44]} Ba6
{[%clk 0:01:28]} 21. Qc2 {[%clk 0:01:42]} Bb7 {[%clk 0:01:29]} 22. Kh2
{[%clk 0:01:42]} g6 {[%clk 0:01:18]} 23. Bh3 {[%clk 0:01:36]} Qa8
{[%clk 0:01:17]} 24. Ba3 {[%clk 0:01:29]} Bg7 {[%clk 0:01:17]} 25. Bg2
{[%clk 0:01:12]} h5 {[%clk 0:00:58]} 26. Bc1 {[%clk 0:01:08]} a3 {[%clk 0:00:57]}
27. Bf1 {[%clk 0:01:06]} Ra4 {[%clk 0:00:58]} 28. Ng2 {[%clk 0:01:05]} Re8
{[%clk 0:00:45]} 29. Nf4 {[%clk 0:01:05]} Ra5 {[%clk 0:00:35]} 30. Nh3
{[%clk 0:01:05]} Nh7 {[%clk 0:00:33]} 31. Be3 {[%clk 0:00:59]} Bc6
{[%clk 0:00:28]} 32. Qc1 {[%clk 0:00:58]} Bd7 {[%clk 0:00:25]} 33. Bh6
{[%clk 0:00:58]} e5 {[%clk 0:00:24]} 34. Bxg7 {[%clk 0:00:52]} Kxg7
{[%clk 0:00:25]} 35. Nf2 {[%clk 0:00:53]} Nf6 {[%clk 0:00:24]} 36. Nd3
{[%clk 0:00:54]} Qc8 {[%clk 0:00:19]} 37. Nb4 {[%clk 0:00:53]} c5
{[%clk 0:00:18]} 38. dxe5 {[%clk 0:00:49]} dxe5 {[%clk 0:00:19]} 39. Nd5
{[%clk 0:00:51]} Nxd5 {[%clk 0:00:19]} 40. cxd5 {[%clk 0:00:50]} c4
{[%clk 0:00:17]} 41. Qe3 {[%clk 0:00:37]} Qc5 {[%clk 0:00:19]} 42. Qxc5
{[%clk 0:00:34]} Rxc5 {[%clk 0:00:20]} 43. f4 {[%clk 0:00:33]} b5
{[%clk 0:00:19]} 44. Bh3 {[%clk 0:00:32]} Bxh3 {[%clk 0:00:12]} 45. Kxh3
{[%clk 0:00:33]} Rc7 {[%clk 0:00:08]} 46. d6 {[%clk 0:00:32]} Rc5
{[%clk 0:00:08]} 47. d7 {[%clk 0:00:23]} Rd8 {[%clk 0:00:09]} 48. Rd6
{[%clk 0:00:24]} Kf8 {[%clk 0:00:10]} 49. Red1 {[%clk 0:00:24]} Ke7
{[%clk 0:00:11]} 50. Kg2 {[%clk 0:00:22]} exf4 {[%clk 0:00:12]} 51. gxf4
{[%clk 0:00:23]} Rc7 {[%clk 0:00:14]} 52. Rb6 {[%clk 0:00:14]} Rcxd7
{[%clk 0:00:15]} 53. Rxd7+ {[%clk 0:00:16]} Rxd7 {[%clk 0:00:16]} 54. Rxb5
{[%clk 0:00:17]} Rd2+ {[%clk 0:00:17]} 55. Kg3 {[%clk 0:00:17]} Rxa2
{[%clk 0:00:17]} 56. Ra5 {[%clk 0:00:18]} Ra1 {[%clk 0:00:18]} 57. Kg2
{[%clk 0:00:18]} a2 {[%clk 0:00:13]} 58. Ra6 {[%clk 0:00:19]} Kd7
{[%clk 0:00:13]} 59. Ra4 {[%clk 0:00:19]} Kd6 {[%clk 0:00:14]} 60. Ra5
{[%clk 0:00:20]} Kc6 {[%clk 0:00:15]} 61. Ra4 {[%clk 0:00:21]} Kb5
{[%clk 0:00:16]} 62. Ra8 {[%clk 0:00:22]} Kb6 {[%clk 0:00:12]} 63. Ra4
{[%clk 0:00:21]} Rc1 {[%clk 0:00:13]} 64. Rxa2 {[%clk 0:00:22]} Rxc3 65. Ra8
{[%clk 0:00:22]} Rd3 {[%clk 0:00:14]} 66. Rc8 {[%clk 0:00:22]} Kb5
{[%clk 0:00:11]} 67. Kf2 {[%clk 0:00:23]} Rd7 {[%clk 0:00:10]} 68. Rb8+
{[%clk 0:00:21]} Ka4 {[%clk 0:00:10]} 69. Ke3 {[%clk 0:00:22]} c3
{[%clk 0:00:11]} 70. Rc8 {[%clk 0:00:23]} Kb3 {[%clk 0:00:12]} 71. Rb8+
{[%clk 0:00:24]} Ka2 {[%clk 0:00:13]} 72. Ra8+ {[%clk 0:00:24]} Kb2
{[%clk 0:00:14]} 0-1

[Event "Blitz 2018"]
[Site "Saint-Petersburg"]
[Date "2018.12.30"]
[Round "13"]
[Board "34"]
[White "Guseinov Gadir (AZE)"]
[Black "Miton Kamil (POL)"]
[Result "1-0"]
[LiveChessVersion "1.4.8"]
[BlackElo "2520"]
[WhiteElo "2708"]

1. e4 {[%clk 0:03:03]} c5 {[%clk 0:03:03]} 2. Nc3 {[%clk 0:03:03]} Nc6
{[%clk 0:02:58]} 3. Bb5 {[%clk 0:03:04]} Nd4 {[%clk 0:02:57]} 4. Nf3
{[%clk 0:03:05]} e6 {[%clk 0:02:52]} 5. O-O {[%clk 0:03:04]} Ne7 {[%clk 0:02:36]}
6. Nxd4 {[%clk 0:03:00]} cxd4 {[%clk 0:02:37]} 7. Ne2 {[%clk 0:03:01]} a6
{[%clk 0:02:38]} 8. Bd3 {[%clk 0:03:01]} Nc6 {[%clk 0:02:38]} 9. c3
{[%clk 0:03:02]} dxc3 {[%clk 0:02:36]} 10. bxc3 {[%clk 0:03:03]} Be7
{[%clk 0:02:33]} 11. Bc2 {[%clk 0:03:02]} d6 {[%clk 0:02:30]} 12. d4
{[%clk 0:03:02]} O-O {[%clk 0:02:29]} 13. Ng3 {[%clk 0:03:03]} e5
{[%clk 0:02:20]} 14. Kh1 {[%clk 0:03:00]} b5 {[%clk 0:01:55]} 15. a4
{[%clk 0:02:56]} Bd7 {[%clk 0:01:48]} 16. f4 {[%clk 0:02:39]} Rc8
{[%clk 0:01:26]} 17. dxe5 {[%clk 0:02:37]} dxe5 {[%clk 0:01:26]} 18. axb5
{[%clk 0:02:37]} axb5 {[%clk 0:01:27]} 19. f5 {[%clk 0:02:37]} b4
{[%clk 0:01:11]} 20. Nh5 {[%clk 0:02:36]} f6 {[%clk 0:00:54]} 21. Bh6
{[%clk 0:02:18]} Be8 {[%clk 0:00:34]} 22. Bb3+ {[%clk 0:02:03]} Bf7
{[%clk 0:00:35]} 23. Qg4 {[%clk 0:02:04]} 1-0

[Event "Blitz 2018"]
[Site "Saint-Petersburg"]
[Date "2018.12.30"]
[Round "13"]
[Board "35"]
[White "Ponkratov Pavel (RUS)"]
[Black "Salgado Lopez Ivan (ESP)"]
[Result "1/2-1/2"]
[LiveChessVersion "1.4.8"]
[BlackElo "2513"]
[WhiteElo "2688"]

1. Nf3 {[%clk 0:03:01]} d5 {[%clk 0:03:03]} 2. c4 {[%clk 0:03:01]} dxc4
{[%clk 0:03:01]} 3. Na3 {[%clk 0:02:59]} Nf6 {[%clk 0:03:01]} 4. Nxc4
{[%clk 0:03:00]} c5 {[%clk 0:02:59]} 5. g3 {[%clk 0:02:41]} Nc6 {[%clk 0:02:55]}
6. Bg2 {[%clk 0:02:41]} g6 {[%clk 0:02:51]} 7. O-O {[%clk 0:02:39]} Bg7
{[%clk 0:02:52]} 8. Rb1 {[%clk 0:02:37]} O-O {[%clk 0:02:50]} 9. a3
{[%clk 0:02:38]} Be6 {[%clk 0:02:48]} 10. d3 {[%clk 0:02:38]} Rc8
{[%clk 0:02:44]} 11. b4 {[%clk 0:02:29]} cxb4 {[%clk 0:02:39]} 12. axb4
{[%clk 0:02:30]} b5 {[%clk 0:02:40]} 13. Ne3 {[%clk 0:02:31]} Nd5
{[%clk 0:02:32]} 14. Nxd5 {[%clk 0:02:30]} Bxd5 {[%clk 0:02:33]} 15. Bb2
{[%clk 0:02:23]} e5 {[%clk 0:02:19]} 16. Ba1 {[%clk 0:02:06]} Qe7
{[%clk 0:02:07]} 17. Qd2 {[%clk 0:01:54]} Rfd8 {[%clk 0:02:07]} 18. Qb2
{[%clk 0:01:29]} Bxf3 {[%clk 0:02:01]} 19. Bxf3 {[%clk 0:00:52]} Nd4
{[%clk 0:02:02]} 20. Qa3 {[%clk 0:00:33]} Nxf3+ {[%clk 0:01:35]} 21. exf3
{[%clk 0:00:34]} Qb7 {[%clk 0:01:36]} 22. Kg2 {[%clk 0:00:29]} Rd5
{[%clk 0:01:31]} 23. Rbc1 {[%clk 0:00:27]} Rcd8 {[%clk 0:01:32]} 24. Rfd1
{[%clk 0:00:28]} R5d6 {[%clk 0:01:29]} 25. Qa5 {[%clk 0:00:12]} R8d7
{[%clk 0:01:24]} 26. Re1 {[%clk 0:00:06]} Rxd3 {[%clk 0:01:21]} 27. Re4
{[%clk 0:00:07]} h5 {[%clk 0:01:06]} 28. Qa2 {[%clk 0:00:07]} Rxf3
{[%clk 0:01:01]} 29. Kxf3 {[%clk 0:00:07]} Rd3+ {[%clk 0:01:03]} 30. Kg2
{[%clk 0:00:08]} Qxe4+ {[%clk 0:01:03]} 31. Kg1 {[%clk 0:00:09]} Qf3
{[%clk 0:01:00]} 32. Qxa7 {[%clk 0:00:08]} h4 {[%clk 0:01:00]} 33. Qc7
{[%clk 0:00:07]} h3 {[%clk 0:00:55]} 34. Qc8+ {[%clk 0:00:08]} Bf8
{[%clk 0:00:52]} 35. Qxh3 {[%clk 0:00:09]} Rd1+ {[%clk 0:00:53]} 36. Rxd1
{[%clk 0:00:10]} Qxd1+ {[%clk 0:00:54]} 37. Qf1 {[%clk 0:00:11]} Qxf1+
{[%clk 0:00:49]} 38. Kxf1 {[%clk 0:00:12]} Bxb4 {[%clk 0:00:50]} 39. Bxe5
{[%clk 0:00:13]} Bc5 {[%clk 0:00:50]} 40. Ke2 {[%clk 0:00:14]} f5
{[%clk 0:00:51]} 41. f3 {[%clk 0:00:15]} Kf7 {[%clk 0:00:51]} 42. Kd3
{[%clk 0:00:15]} Ke6 {[%clk 0:00:53]} 43. Bb2 {[%clk 0:00:16]} Kd5
{[%clk 0:00:36]} 44. g4 {[%clk 0:00:17]} fxg4 {[%clk 0:00:32]} 45. Ke4+ 1/2-1/2

[Event "Blitz 2018"]
[Site "Saint-Petersburg"]
[Date "2018.12.30"]
[Round "13"]
[Board "36"]
[White "Anton Guijarro David (ESP)"]
[Black "Yilmaz Mustafa (TUR)"]
[Result "0-1"]
[LiveChessVersion "1.4.8"]
[BlackElo "2515"]
[WhiteElo "2631"]

1. Nf3 {[%clk 0:03:02]} d5 {[%clk 0:03:03]} 2. b3 {[%clk 0:03:03]} Bf5
{[%clk 0:03:01]} 3. Bb2 {[%clk 0:03:04]} e6 {[%clk 0:03:01]} 4. g3
{[%clk 0:03:04]} Nf6 {[%clk 0:02:54]} 5. Bg2 {[%clk 0:03:04]} h6 {[%clk 0:02:50]}
6. O-O {[%clk 0:03:03]} Nbd7 {[%clk 0:02:46]} 7. d3 {[%clk 0:03:03]} c6
{[%clk 0:02:24]} 8. Nbd2 {[%clk 0:03:02]} Qc7 {[%clk 0:02:04]} 9. Re1
{[%clk 0:02:54]} e5 {[%clk 0:02:03]} 10. e4 {[%clk 0:02:43]} dxe4
{[%clk 0:02:03]} 11. Nh4 {[%clk 0:02:32]} Bg4 {[%clk 0:01:58]} 12. Qc1
{[%clk 0:02:01]} exd3 {[%clk 0:01:57]} 13. cxd3 {[%clk 0:02:01]} Bd6
{[%clk 0:01:53]} 14. Nc4 {[%clk 0:01:47]} Be6 {[%clk 0:01:42]} 15. Nxd6+
{[%clk 0:01:37]} Qxd6 {[%clk 0:01:43]} 16. Nf3 {[%clk 0:01:38]} O-O
{[%clk 0:01:35]} 17. Nxe5 {[%clk 0:01:38]} Rfd8 {[%clk 0:01:31]} 18. Nxd7
{[%clk 0:01:21]} Nxd7 {[%clk 0:01:27]} 19. Qe3 {[%clk 0:01:00]} Re8
{[%clk 0:01:27]} 20. Qd4 {[%clk 0:00:45]} Qxd4 {[%clk 0:01:26]} 21. Bxd4
{[%clk 0:00:46]} a5 {[%clk 0:01:27]} 22. Rab1 {[%clk 0:00:30]} Red8
{[%clk 0:01:18]} 23. Be4 {[%clk 0:00:23]} Ra6 {[%clk 0:00:54]} 24. f4
{[%clk 0:00:14]} Nf8 {[%clk 0:00:51]} 25. Bc5 {[%clk 0:00:11]} Bd5
{[%clk 0:00:51]} 26. Red1 {[%clk 0:00:09]} Ne6 {[%clk 0:00:52]} 27. Be3
{[%clk 0:00:09]} f6 {[%clk 0:00:46]} 28. Kf2 {[%clk 0:00:09]} Kf7
{[%clk 0:00:47]} 29. Rd2 {[%clk 0:00:06]} Rd7 {[%clk 0:00:48]} 30. Ke2
{[%clk 0:00:06]} g6 {[%clk 0:00:41]} 31. h4 {[%clk 0:00:06]} f5 {[%clk 0:00:42]}
32. Bf3 {[%clk 0:00:07]} Bxf3+ {[%clk 0:00:43]} 33. Kxf3 {[%clk 0:00:08]} h5
{[%clk 0:00:44]} 34. Rc1 {[%clk 0:00:08]} a4 {[%clk 0:00:44]} 35. b4
{[%clk 0:00:09]} Rd5 {[%clk 0:00:45]} 36. a3 {[%clk 0:00:10]} Ra8
{[%clk 0:00:44]} 37. Rc4 {[%clk 0:00:08]} Rad8 {[%clk 0:00:44]} 38. Ke2
{[%clk 0:00:09]} R8d7 {[%clk 0:00:44]} 39. Rc3 {[%clk 0:00:09]} Nc7
{[%clk 0:00:45]} 40. Rcc2 {[%clk 0:00:06]} Nb5 {[%clk 0:00:45]} 41. Kf3
{[%clk 0:00:06]} Nxa3 {[%clk 0:00:41]} 42. Ra2 {[%clk 0:00:07]} Nb1
{[%clk 0:00:38]} 43. Rdc2 {[%clk 0:00:06]} Rxd3 {[%clk 0:00:37]} 44. Rxa4
{[%clk 0:00:06]} Re7 {[%clk 0:00:38]} 45. Kf2 {[%clk 0:00:04]} Rexe3
{[%clk 0:00:32]} 46. Ra7 {[%clk 0:00:05]} Rf3+ {[%clk 0:00:32]} 47. Ke1
{[%clk 0:00:04]} Rde3+ {[%clk 0:00:32]} 48. Re2 {[%clk 0:00:04]} Nc3
{[%clk 0:00:31]} 49. Rxe3 {[%clk 0:00:05]} Rxe3+ {[%clk 0:00:32]} 50. Kd2
{[%clk 0:00:07]} Nd5 {[%clk 0:00:33]} 51. Rxb7+ {[%clk 0:00:07]} Ke6
{[%clk 0:00:29]} 52. Ra7 {[%clk 0:00:05]} Rxg3 {[%clk 0:00:29]} 0-1